Strategic Human Resource Management : An Introduction (Record no. 89924)

MARC details
000 -LEADER
fixed length control field 00619nam a2200217Ia 4500
005 - DATE AND TIME OF LATEST TRANSACTION
control field 20230503090004.0
008 - FIXED-LENGTH DATA ELEMENTS--GENERAL INFORMATION
fixed length control field 230125s9999 xx 000 0 und d
020 ## - INTERNATIONAL STANDARD BOOK NUMBER
International Standard Book Number 81-314-0177-4
041 ## - LANGUAGE CODE
Language code of text/sound track or separate title eng
082 ## - DEWEY DECIMAL CLASSIFICATION NUMBER
Classification number 658.312 44
Item number RAJ
100 ## - MAIN ENTRY--PERSONAL NAME
Author Raju P V L
245 ## - TITLE STATEMENT
Title Strategic Human Resource Management : An Introduction
250 ## - EDITION STATEMENT
Edition statement 1st Ed.
260 ## - PUBLICATION, DISTRIBUTION, ETC.
Date of publication, distribution, etc. 2006
Name of publisher, distributor, etc. ICFAI publication
Place of publication, distribution, etc. Hyderabad
300 ## - PHYSICAL DESCRIPTION
Extent 220p
440 ## - SERIES STATEMENT/ADDED ENTRY--TITLE
Title ICFAI
500 ## - GENERAL NOTE
Keywords ICFAI Series Book;Strategic HRM<br/>
650 ## - SUBJECT ADDED ENTRY--TOPICAL TERM
Topical term or geographic name entry element ICFAI Series Book;Strategic HRM
700 ## - ADDED ENTRY--PERSONAL NAME
Personal name Raju P V L & Ravinuthala N
942 ## - ADDED ENTRY ELEMENTS (KOHA)
Koha item type Books
Holdings
Withdrawn status Lost status Damaged status Not for loan Home library Current library Date acquired Vendor Net Price Full call number Barcode Date last seen Actual Price Bill Date Koha item type Original Barcode Bill number Total Checkouts
        Smt. Hiraben Nanavati Institute of Management & Research for Women Smt. Hiraben Nanavati Institute of Management & Research for Women 18/06/2015 Donated Book- Outside Donar 1.00 658.312 44 RAJ DB2018 HIMR-DB-2018 25/01/2023 1.00 25/01/2023 Donated Book DB2018    
        Smt. Hiraben Nanavati Institute of Management & Research for Women Smt. Hiraben Nanavati Institute of Management & Research for Women 12/09/2008 ICFAI press 425.00 658.312 44 RAJ B06744 HIMR-BK-6744 25/01/2023 340.00 11/09/2008 Books B06744 417  
        Smt. Hiraben Nanavati Institute of Management & Research for Women Smt. Hiraben Nanavati Institute of Management & Research for Women 12/09/2008 ICFAI press 425.00 658.312 44 RAJ B06743 HIMR-BK-6743 25/01/2023 340.00 11/09/2008 Books B06743 417  
        Smt. Hiraben Nanavati Institute of Management & Research for Women Smt. Hiraben Nanavati Institute of Management & Research for Women 12/09/2008 ICFAI press 425.00 658.312 44 RAJ B06742 HIMR-BK-6742 25/01/2023 340.00 11/09/2008 Books B06742 417